Normal view
MARC view
- Worships- Hajj- Umrah
Entry Topical Term
001 - CONTROL NUMBER
- control field: 6753
003 - CONTROL NUMBER IDENTIFIER
- control field: NUST
005 - DATE AND TIME OF LATEST TRANSACTION
- control field: 20171123121536.0
008 - FIXED-LENGTH DATA ELEMENTS
- fixed length control field: 171123|| aca||aabn | a|a d
040 ## - CATALOGING SOURCE
- Original cataloging agency: NUST
- Transcribing agency: NUST
150 ## - HEADING--TOPICAL TERM
- Topical term or geographic name entry element: Worships- Hajj- Umrah
670 ## - SOURCE DATA FOUND
- Source citation: Work cat.: (NUST)0: Siddique, Rizwan 6752, Zikr aik Umrah ka /, 2009
